Sports Quiz

Random Sports Quiz

Arsenal Players Born Countries Quiz Stats

 Plays Quiz not verified by Sporcle

Challenge
Share
Tweet
Embed
Score 0/30 Timer 03:00
0 Plays Today
Names Countries % Correct
Bacary SagnaFrance
100%
Abou DiabyFrance
100%
Laurent KoscielnyFrance
100%
Theo WalcottEngland
100%
Kieran GibbsEngland
100%
Jack Wilshere England
100%
Alex Oxlade-ChamberlainEngland
100%
Sebastian SquillaciFrance
100%
Manuel AlmuniaSpain
98.5%
Mikel ArtetaSpain
98.5%
Wojciech SzczesnyPoland
98.5%
Lukasz FabianskiPoland
98.5%
Per MertesackerGermany
98%
Aaron RamseyWales
98%
Robin van PersieNetherlands
97.5%
Names Countries % Correct
Ryo MiyaichiJapan
95.6%
Tomas RosickyCzech republic
95.6%
Andre Santos Brazil
95.6%
Thomas VermaelenBelgium
95.1%
Park Chu YoungSouth Korea
95.1%
Andrei ArshavinRussia
95.1%
Nicklas BendtnerDenmark
93.6%
Carlos VelaMexico
92.2%
Yossi BenayounIsrael
89.2%
Vito MannoneItaly
88.2%
Alex SongCameroon
87.3%
Marouane ChamakhMorocco
83.3%
Johan DjourouSwitzerland
82.4%
Carl JenkinsonFinland
67.6%
GervinhoCote d'ivoire
48.5%

You're not logged in!

Compare scores with friends on all Sporcle quizzes.
Join for Free
OR
Log In

You Might Also Like...

Show Comments

Extras

Created Nov 26, 2011ReportNominate
Tags:Arsenal, player

Top Quizzes Today


Score Distribution

Your Account Isn't Verified!

In order to create a playlist on Sporcle, you need to verify the email address you used during registration. Go to your Sporcle Settings to finish the process.

Report this User

Report this user for behavior that violates our Community Guidelines.

Details: